00274nam a2200121Ia 45000030006000000080041000060400015000471000020000622450032000822600009001145460012001230050017001350STCL150530s9999 xx 000 0 und d aSTCLcSTCL aRichard Garnett aLife of Ralph Waldo Emerson c1888 aEnglish20220125170836.0